| 000 | 00655nam a2200193 i 4500 | ||
|---|---|---|---|
| 001 | 81725 | ||
| 003 | ES-MaACL | ||
| 005 | 20250902025050.0 | ||
| 007 | t| | ||
| 008 | 041105s1979 sp ||||1| spa d | ||
| 245 | 0 | 3 |
_aLa humanización del trabajo en Europa / _cAsociación Española de Directores y Jefes de Personal. |
| 260 |
_aMadrid : _bIbérico Europea, _c[1979] |
||
| 300 |
_a250 p. ; _c22 cm. |
||
| 490 | 1 | _aLa empresa moderna | |
| 710 | 2 |
_aAsociación Española de Directores y Jefes de Personal. _91651 |
|
| 830 | 0 | 3 |
_aLa empresa moderna (Ibérico Europea) _9181582 |
| 852 |
_aES-MaACL _jA-9590 _bR.98914 |
||
| 999 |
_c81725 _d81725 |
||